000 00438nab a2200145Ia 4500
003 ES-SlBCS
005 20210601132848.0
008 140529s1957 xxu||||| |||| 00| 0 ita d
041 _aita
100 1 _aPolato, Franco
_9198350
245 0 0 _aDallo stoicismo alla metafisica
_c Franco Polato
650 0 4 _aEstoicismo-Metafísica
_9199604
773 0 _tGiornali di Metafisica
_gvol. 12, nº. 6, 1957, págs. 668-675
_w0017-0372
942 _cAR
999 _c586814
_d586814